| 000 | 00584cam a22002053a 4500 | ||
|---|---|---|---|
| 001 | 39888 | ||
| 003 | PGUSA | ||
| 005 | 20140828083905.0 | ||
| 008 | 120601s2012||||xxu|||||s|||||000 | eng d | ||
| 040 |
_aPGUSA _beng |
||
| 042 | _adc | ||
| 100 | 1 | _aSaurusaitis, Peter P. | |
| 245 | 1 | 0 |
_aThirty Days in Lithuania in 1919 _h[electronic resource] / _cPeter P. Saurusaitis |
| 260 |
_bProject Gutenberg, _c2012 |
||
| 506 | _aPublic domain in the USA. | ||
| 516 | _aElectronic text | ||
| 830 | 0 |
_aProject Gutenberg _v39888 |
|
| 856 | 4 | 0 | _uhttp://www.gutenberg.org/ebooks/39888 |
| 942 | _cEB | ||
| 999 |
_c269141 _d269141 |
||